| 000 | 00445nam a22001697a 4500 | ||
|---|---|---|---|
| 003 | NUST - PNEC | ||
| 005 | 20170116181028.0 | ||
| 008 | 150918b xxu||||| |||| 00| 0 eng d | ||
| 020 | _a0023290005 | ||
| 040 | _cLIBRARY | ||
| 082 | _a621.815 DEU | ||
| 100 |
_910905 _aDeutschman, Aaron D. |
||
| 245 |
_aMachine design : theory and practice _cAaron D. Deutschman |
||
| 260 | _cc.1975 | ||
| 650 |
_910909 _aMachine design _xME |
||
| 942 |
_2ddc _cBK |
||
| 999 |
_c67617 _d67617 |
||